00509nam a22001697a 450000500170000001000130001702000130003003500130004303700090005608200110006510000270007624500870010324600600019026000440025027000230029430000220031720191209115135.0 aA-213195 c10.00a- aA-213195 bBPPD a270.41 aملک عطا محمد aآ پ کی شخصيت ا و ر ا س کا ا ر تقاءcملک عطا محمد aAap ki Shakhsiyat Aur Uska Irtaquabby Malik Ata Mohd.  aDelhic1983 ء bMerkazi Maktaba Islami aDelhibDelhik-e- a160 صc22 cm(hb)